| 000 | 00572nam a22001937a 4500 | ||
|---|---|---|---|
| 003 | OSt | ||
| 005 | 20240626154722.0 | ||
| 008 | 240626b |||||||| |||| 00| 0 eng d | ||
| 020 | _a9781853838729 | ||
| 040 | _cMUST | ||
| 082 | _a333.7 FEE 2001 | ||
| 100 |
_aReed,David _918112 |
||
| 245 |
_aEconomic Change,Governance and Natural Resource Wealth _bThe P olitical Economy of Change in Southern Africa _cDavid Reed |
||
| 260 |
_aLondon _bEarthscan _c2001 |
||
| 300 |
_axii _bill. _c22cm |
||
| 504 | _aindexes included | ||
| 650 | _2Natural Resources | ||
| 942 |
_2ddc _cO_SHELF |
||
| 999 |
_c8947 _d8947 |
||